000 nam a22 7a 4500
999 _c10159
_d10159
008 180212b ||||| |||| 00| 0 eng d
100 _aMohan, R
_96133
245 _aMathville maths class -VI
260 _aNew Delhi
_bG, Ram Publication
_c2013